| 000 | 01775nam a2200385Ia 4500 | ||
|---|---|---|---|
| 001 | vtls003177205 | ||
| 003 | MY-SjTCS | ||
| 005 | 20241104092517.0 | ||
| 006 | m u | ||
| 007 | cr cn||||||||| | ||
| 008 | 100712s2001 mdu sb 001 0 eng d | ||
| 010 | _z 2001-001327 | ||
| 020 | _z0801867622 (hardcover : alk. paper) | ||
| 020 | _z0801876370 | ||
| 035 | _a(CaPaEBR)ebr10021625 | ||
| 039 | 9 |
_y201007121450 _zVLOAD |
|
| 040 |
_aCaPaEBR _cCaPaEBR |
||
| 050 | 1 | 4 |
_aRJ253.5 _b.L36 2001eb |
| 082 | 0 | 4 |
_a174/.2 _221 |
| 100 | 1 | _aLantos, John D. | |
| 245 | 1 | 4 |
_aThe Lazarus case _h[electronic resource] : _blife-and-death issues in neonatal intensive care / _cJohn D. Lantos. |
| 260 |
_aBaltimore : _bJohns Hopkins University Press, _cc2001. |
||
| 300 |
_axvi, 183 p. ; _c24 cm. |
||
| 490 | 1 | _aMedicine & culture | |
| 504 | _aIncludes bibliographical references (p. [167]-178) and index. | ||
| 505 | 0 | _aSomebody will pay -- Passing out in the NICU -- Learning about death and dying -- Standards of care -- Prognostication and futility -- Consent, communication, shared decision making -- Getting paid -- Home births -- Mistakes in context -- Closing argument. | |
| 529 | _aTSLHHL | ||
| 533 |
_aElectronic reproduction. _bPalo Alto, Calif. : _cebrary, _d2009. _nAvailable via World Wide Web. _nAccess may be limited to ebrary affiliated libraries. |
||
| 650 | 0 |
_aNeonatal intensive care _xMoral and ethical aspects. |
|
| 650 | 0 |
_aPhysicians _xMalpractice _939307 |
|
| 655 | 7 |
_aElectronic books. _2local |
|
| 710 | 2 |
_aebrary, Inc. _925628 |
|
| 830 | 0 | _aMedicine & culture. | |
| 856 | 4 | 0 |
_uhttps://ezproxy.taylors.edu.my/login?url=http://site.ebrary.com/lib/taylorscollege/Doc?id=10021625 _zAn electronic book accessible through the World Wide Web; click to view |
| 999 | _c87343 | ||